[Event "Oslo Tiger Cup"]
[Site "Oslo"]
[Date "2005.03.19"]
[Round "1"]
[White "Bergersen, Per A"]
[Black "Stava, Jan I"]
[Result "1-0"]
[WhiteElo "1750"]
[BlackElo "1141"]
[PlyCount "63"]
[EventDate "2005.03.19"]
[EventType "swiss"]
[EventRounds "5"]
[EventCountry "NOR"]
[SourceTitle "EXT 2007"]
[Source "ChessBase"]
[SourceDate "2006.11.23"]
[SourceVersion "1"]
[SourceVersionDate "2006.11.23"]
[SourceQuality "1"]

1. e3 f5 2. b3 Nf6 3. Bb2 g6 4. Nf3 Bg7 5. c4 0-0 6. Be2 d6 7. d4 Qe8 8. d5 c6 9. Nc3 Nbd7 10. Nd4 Nb8 11. dxc6 bxc6 12. Bf3 e5 13. Ndb5 Qe7 14. Qxd6 Qxd6 15. Nxd6 e4 16. Be2 Be6 17. 0-0-0 Nbd7 18. Na4 Bh6 19. g3 c5 20. Ba3 Nb6 21. Nxc5 Bc8 22. Rd2 a5 23. Rhd1 Rd8 24. Nxc8 Rdxc8 25. Rd6 Bf8 26. Rxf6 Bxc5 27. Bxc5 Rxc5 28. Rxb6 Kg7 29. Rd7+ Kh6 30. Rbb7 Rh8 31. a3 g5 32. Rd6# 1-0